| 000 | 01615cam a2200469 4500 | ||
|---|---|---|---|
| 008 | 040202n1999 000 0 eng u | ||
| 020 | _a1859786057 | ||
| 035 | _a(Sirsi) u124974 | ||
| 041 | _aeng | ||
| 050 |
_a368.1 _c18 |
||
| 100 | _aHanson, John | ||
| 245 | _aAll risks property insurance | ||
| 250 | _a2nd ed. | ||
| 260 |
_aLondon _bLLP _c1999 |
||
| 300 |
_axxii, 314p. _c24cm. |
||
| 350 | _a110 | ||
| 505 | _aAll Risks Property Insurance - an overview | ||
| 505 | _aPre-contractual disclosure | ||
| 505 | _aStatutory requirements for ARPI | ||
| 505 | _aContract law and interpretation | ||
| 505 | _aOccurrence and cause | ||
| 505 | _aFraud, theft and mysterious loss conditions and exclusions | ||
| 505 | _aWar, riot, terrorism and allied risk exclusions | ||
| 505 | _aInherent vice, natural deterioration and associated exclusions | ||
| 505 | _aIndustrial peril exclusions | ||
| 505 | _aNatural peril exclusions | ||
| 505 | _aOther exclusions | ||
| 505 | _aCommon conditions | ||
| 505 | _aClaims | ||
| 505 | _aExtensions | ||
| 505 | _aDispute resolution, jurisdiction and choice of law clauses | ||
| 505 | _aContribution | ||
| 505 | _aSubrogation | ||
| 505 | _aAPRI and global programmes | ||
| 520 | _aThis second edition provides a comprehensive and practical legal analysis of All Risks Property Insurance (ARPI). Includes tables of cases and legislation. | ||
| 650 | _aALL RISKS PROPERTY INSURANCE | ||
| 650 | _aPROPERTY INSURANCE | ||
| 650 | _aPROPERTY-COMMERCIAL PROPERTY | ||
| 690 |
_aInsurance _96249 |
||
| 700 | _aHenley, Christopher | ||
| 942 | _n0 | ||
| 999 |
_c103321 _d103321 |
||